00334nam a22000977a 450000500170000010000730001724500720009026000280016230000100019070000360020020260629142301.0 aAisha Rajputa21-MSCS-15aSupervisor - Prof.Dr. Mukhtiar Ahmed Memon aHop by Hop Grid Based Energy Efficient Routing Protocol (Thesis MS) aNawabshah bQUESTc2024 a107p. aDepartment of Computer Science